000 00352nam a2200145Ia 4500
005 20251222141823.0
008 251222s9999||||xx |||||||||||||| ||spa||
020 _a978-987-500-081-0
082 _a370.152.3/E51/Ej.2
100 _aEmilce Elichiry, Nora
245 0 _aAprendizajes Escolares:
250 _a1a.ed.
264 _bManantial
942 _cLIB
999 _c6871
_d6871